Diccionario de lingüística

সংরক্ষণ করুন:
গ্রন্থ-পঞ্জীর বিবরন
প্রধান লেখক: Lewandowski, Theodor
বিন্যাস: গ্রন্থ
ভাষা:Spanish
প্রকাশিত: Madrid, España Cátedra 1982
বিষয়গুলি:
ট্যাগগুলো: ট্যাগ যুক্ত করুন
কোনো ট্যাগ নেই, প্রথমজন হিসাবে ট্যাগ করুন!

MARC

LEADER 00000nam a2200000Ia 4500
008 170316s9999 xx 000 0 spa d
999 |c 14653  |d 14653 
040 |a cru BVZT 
090 |a R-413 L-1d LIT 
100 |a Lewandowski, Theodor 
245 |a Diccionario de lingüística 
260 |a Madrid, España 
260 |b Cátedra 
260 |c 1982 
300 |a xiv, 447 páginas 
505 |a Contiene: Símbolos empleados en el diccionario Abreviaturas 
650 0 |a REFERENCIA  |9 27 
650 0 |a DICCIONARIO  |9 28 
650 0 |a LINGÜÍSTICA  |9 55 
650 0 |a ESPAÑOL  |9 48 
942 |c REF  |2 z